[Event "Titled Tuesday intern op 21st Dec"]
[Site "Chess.com INT"]
[Date "2021.12.21"]
[Round "4"]
[White "Mayaud, Raphael"]
[Black "Van den Dikkenberg, Erik"]
[Result "1/2-1/2"]
[WhiteElo "2216"]
[BlackElo "2158"]
[PlyCount "194"]
[EventDate "2021.12.21"]
[EventType "swiss (blitz)"]
[EventRounds "11"]
[EventCountry "USA"]
[SourceTitle "CBM 205 Extra"]
[Source "ChessBase"]
[SourceDate "2022.01.31"]
[SourceVersion "1"]
[SourceVersionDate "2022.01.31"]
[SourceQuality "1"]

1. d4 Nf6 2. Bf4 g6 3. Nf3 Bg7 4. e3 d6 5. h3 O-O 6. Be2 c5 7. c3 Nbd7 8. O-O Re8 9. Nbd2 e5 10. Bh2 e4 11. Ne1 d5 12. dxc5 Nxc5 13. Nb3 b6 14. Nc2 Ba6 15. Bxa6 Nxa6 16. Nbd4 Nc5 17. Qd2 Rc8 18. b4 Nd3 19. Ne1 Ne5 20. Bxe5 Rxe5 21. Rc1 Rc4 22. Nec2 Qc8 23. Na3 Rc7 24. Nab5 Rd7 25. a4 a6 26. Na3 Ne8 27. b5 a5 28. Nc6 Re6 29. Rfd1 Rxc6 30. bxc6 Qxc6 31. Nb5 Qc4 32. Qc2 h5 33. Rb1 Nc7 34. Qb3 Qc6 35. Nxc7 Qxc7 36. Rdc1 Qc6 37. Qb5 Qe6 38. Kf1 Rd6 39. c4 dxc4 40. Qxc4 Qe5 41. Qc8+ Kh7 42. Qc2 Qh2 43. Rd1 Re6 44. Qc4 Qh1+ 45. Ke2 Qxg2 46. Rd4 Qf3+ 47. Ke1 Bxd4 48. exd4 Qh1+ 49. Qf1 Qf3 50. Qe2 Qc3+ 51. Kf1 Qxd4 52. Rd1 Qe5 53. Rd8 Qf4 54. Qb2 Rf6 55. Qd4 Qc1+ 56. Kg2 Qf4 57. Kf1 Qf3 58. Kg1 e3 59. Qxe3 Qf5 60. Qe2 Re6 61. Qd2 Re5 62. Qd4 Qg5+ 63. Kf1 Qf5 64. Kg1 Qe6 65. Kf1 Re1+ 66. Kg2 Qe4+ 67. Qxe4 Rxe4 68. Rd7 Rf4 69. Rd6 Rxa4 70. Rxb6 Rf4 71. Rb7 Rf5 72. Ra7 Kg7 73. Ra6 Kh6 74. Kg3 Kg5 75. h4+ Kh6 76. f4 Kg7 77. Kf3 Kf8 78. Ke4 Ke7 79. Ra7+ Kd6 80. Ra6+ Kc5 81. Rxa5+ Kd6 82. Rxf5 gxf5+ 83. Kxf5 Ke7 84. Kg5 Ke6 85. Kxh5 Kf5 86. Kh6 Kxf4 87. h5 f5 88. Kg6 Kg4 89. h6 f4 90. h7 f3 91. h8=Q f2 92. Qh5+ Kg3 93. Qg5+ Kf3 94. Qf5+ Kg3 95. Qg5+ Kf3 96. Qf6+ Kg2 97. Qg5+ Kf3 1/2-1/2

[Event "Titled Tuesday intern op 21st Dec"]
[Site "Chess.com INT"]
[Date "2021.12.21"]
[Round "4"]
[White "Mihailidis, Anastasios"]
[Black "Cella, Glaucio Dalla Cortt"]
[Result "1-0"]
[WhiteElo "2235"]
[BlackElo "1894"]
[PlyCount "87"]
[EventDate "2021.12.21"]
[EventType "swiss (blitz)"]
[EventRounds "11"]
[EventCountry "USA"]
[SourceTitle "CBM 205 Extra"]
[Source "ChessBase"]
[SourceDate "2022.01.31"]
[SourceVersion "1"]
[SourceVersionDate "2022.01.31"]
[SourceQuality "1"]

1. e4 c5 2. Nf3 e6 3. c4 Nc6 4. Nc3 d6 5. d4 cxd4 6. Nxd4 Nf6 7. Be3 a6 8. Be2 Be7 9. O-O O-O 10. Qd2 Bd7 11. f3 Rc8 12. Rac1 Qc7 13. Nd5 exd5 14. cxd5 Rfd8 15. dxc6 bxc6 16. Bxa6 Ra8 17. Bc4 c5 18. Ne2 Qa5 19. Rfd1 Bb5 20. Qxa5 Rxa5 21. Bxb5 Rxb5 22. b3 Ra8 23. Rc2 Nd7 24. Nc3 Rba5 25. Nd5 Bd8 26. Rdd2 Kf8 27. Bf4 Ne5 28. Bxe5 dxe5 29. Ne3 Bf6 30. Nc4 R5a7 31. Nb6 Rd8 32. Rxd8+ Bxd8 33. Nd5 Ra5 34. a4 Be7 35. Kf2 Ke8 36. Ke2 Kd7 37. Kd3 Bd6 38. Kc4 Kc6 39. Nc3 Ra8 40. Rd2 Rb8 41. Nb5 Bc7 42. Rd5 Rd8 43. Nxc7 Kb6 44. Rxd8 1-0

[Event "Titled Tuesday intern op 21st Dec"]
[Site "Chess.com INT"]
[Date "2021.12.21"]
[Round "4"]
[White "Mirzoev, Azer"]
[Black "Bouget, Alexandre"]
[Result "1-0"]
[WhiteElo "2420"]
[BlackElo "2250"]
[PlyCount "111"]
[EventDate "2021.12.21"]
[EventType "swiss (blitz)"]
[EventRounds "11"]
[EventCountry "USA"]
[SourceTitle "CBM 205 Extra"]
[Source "ChessBase"]
[SourceDate "2022.01.31"]
[SourceVersion "1"]
[SourceVersionDate "2022.01.31"]
[SourceQuality "1"]

1. c4 e5 2. Nc3 Nc6 3. e3 d6 4. Nf3 g6 5. d4 Bg7 6. Be2 Nge7 7. O-O O-O 8. d5 Nb8 9. b4 e4 10. Nd4 c5 11. dxc6 Nbxc6 12. Nxe4 Nxd4 13. exd4 d5 14. Nc5 b6 15. Nb3 dxc4 16. Bxc4 Bb7 17. Re1 Nd5 18. Bd2 Qh4 19. Rc1 Rfd8 20. Qf3 Rab8 21. Qg3 Qh5 22. Bg5 Re8 23. h3 h6 24. Bd2 Rbd8 25. b5 Nf6 26. Qc7 Rxe1+ 27. Rxe1 Rd7 28. Qb8+ Kh7 29. Bf1 Ne4 30. Be3 Ng5 31. Qg3 Bf8 32. Qg4 Qxg4 33. hxg4 Ne6 34. Bc4 Bd5 35. Bxd5 Rxd5 36. a4 Bg7 37. Rd1 f5 38. gxf5 gxf5 39. g3 Nc5 40. Nxc5 bxc5 41. Kf1 cxd4 42. Ke2 Kg6 43. Bf4 Rc5 44. Bb8 Rc4 45. a5 Rb4 46. b6 axb6 47. a6 Ra4 48. a7 Kf7 49. Rc1 Ke6 50. Rc7 Be5 51. Rc6+ Kd5 52. Rxb6 Ra2+ 53. Kf3 Ra3+ 54. Kg2 Bf6 55. Rxf6 d3 56. Rd6+ 1-0

[Event "Titled Tuesday intern op 21st Dec"]
[Site "Chess.com INT"]
[Date "2021.12.21"]
[Round "4"]
[White "Moskalenko, Alexander"]
[Black "Wagh, Suyog"]
[Result "1-0"]
[WhiteElo "2514"]
[BlackElo "2210"]
[PlyCount "63"]
[EventDate "2021.12.21"]
[EventType "swiss (blitz)"]
[EventRounds "11"]
[EventCountry "USA"]
[SourceTitle "CBM 205 Extra"]
[Source "ChessBase"]
[SourceDate "2022.01.31"]
[SourceVersion "1"]
[SourceVersionDate "2022.01.31"]
[SourceQuality "1"]

1. e4 c5 2. Nf3 Nc6 3. d4 cxd4 4. Nxd4 Nf6 5. Nc3 d6 6. Bg5 e6 7. Qd2 a6 8. O-O-O Bd7 9. f3 Rc8 10. Nxc6 Bxc6 11. Kb1 Be7 12. h4 b5 13. g4 Qc7 14. Bd3 O-O 15. h5 b4 16. Ne2 d5 17. e5 Ne8 18. h6 g6 19. Bxe7 Qxe7 20. Nd4 Bb5 21. Bxb5 axb5 22. f4 Nc7 23. f5 exf5 24. gxf5 Qxe5 25. fxg6 fxg6 26. Qxb4 Rf4 27. Rhe1 Re4 28. Rxe4 dxe4 29. Nc6 Qh5 30. Qb3+ Kh8 31. Qc3+ Kg8 32. Qg7# 1-0

[Event "Titled Tuesday intern op 21st Dec"]
[Site "Chess.com INT"]
[Date "2021.12.21"]
[Round "4"]
[White "Munoz Galvez, Jhon Edison"]
[Black "Bykovskiy, Oleg"]
[Result "1-0"]
[WhiteElo "2276"]
[BlackElo "2199"]
[PlyCount "59"]
[EventDate "2021.12.21"]
[EventType "swiss (blitz)"]
[EventRounds "11"]
[EventCountry "USA"]
[SourceTitle "CBM 205 Extra"]
[Source "ChessBase"]
[SourceDate "2022.01.31"]
[SourceVersion "1"]
[SourceVersionDate "2022.01.31"]
[SourceQuality "1"]

1. e4 d6 2. d4 Nf6 3. Nc3 e5 4. Nge2 Be7 5. h3 c6 6. a4 O-O 7. Be3 Nbd7 8. g3 d5 9. exd5 cxd5 10. Bg2 e4 11. O-O Nb6 12. b3 Be6 13. Nf4 Rc8 14. Nce2 Na8 15. Nxe6 fxe6 16. Nf4 Nc7 17. c4 Qd7 18. c5 Na6 19. h4 e5 20. dxe5 Ng4 21. Bh3 Nxe3 22. Bxd7 Nxd1 23. Bxc8 Rxc8 24. Rfxd1 Nxc5 25. Nxd5 Bf8 26. Rac1 Re8 27. Nc7 Rxe5 28. Rd8 e3 29. fxe3 Nd3 30. Rf1 1-0

[Event "Titled Tuesday intern op 21st Dec"]
[Site "Chess.com INT"]
[Date "2021.12.21"]
[Round "4"]
[White "Nadeev, Sergey Vladimirovic"]
[Black "Muromtsev, Arthur"]
[Result "1-0"]
[WhiteElo "2274"]
[BlackElo "2129"]
[PlyCount "99"]
[EventDate "2021.12.21"]
[EventType "swiss (blitz)"]
[EventRounds "11"]
[EventCountry "USA"]
[SourceTitle "CBM 205 Extra"]
[Source "ChessBase"]
[SourceDate "2022.01.31"]
[SourceVersion "1"]
[SourceVersionDate "2022.01.31"]
[SourceQuality "1"]

1. d4 Nf6 2. Bf4 h5 3. Nc3 d5 4. h4 g6 5. Nf3 Bg7 6. Qd2 Be6 7. Ng5 Bf5 8. f3 c6 9. O-O-O b5 10. e4 dxe4 11. fxe4 Bg4 12. Be2 b4 13. Na4 Bxe2 14. Qxe2 Qa5 15. b3 Nbd7 16. Rhf1 Nb6 17. Nc5 Qxa2 18. Qa6 Qxa6 19. Nxa6 O-O 20. Nxb4 Rfc8 21. Na6 Ne8 22. Be3 Nd6 23. c4 f6 24. Ne6 Nxe4 25. Nec7 f5 26. Nxa8 Nxa8 27. Kc2 Bf6 28. Rh1 Nb6 29. Nc5 Kf7 30. Nxe4 fxe4 31. Bg5 Bg7 32. g3 Ke8 33. Rhf1 a5 34. Be3 a4 35. d5 axb3+ 36. Kxb3 Nd7 37. dxc6 Rxc6 38. Rd5 Ne5 39. c5 Nd3 40. Kc4 Be5 41. Kb5 Rc8 42. Rxe5 Nxe5 43. Rf4 Nf3 44. Rxe4 Ne1 45. c6 Nc2 46. Bc5 Na1 47. Rxe7+ Kd8 48. Kb6 Rb8+ 49. Ka7 Rc8 50. Kb7 1-0

[Event "Titled Tuesday intern op 21st Dec"]
[Site "Chess.com INT"]
[Date "2021.12.21"]
[Round "4"]
[White "Narayanan, Sunilduth Lyna"]
[Black "Gareyev, Timur"]
[Result "1-0"]
[WhiteElo "2658"]
[BlackElo "2573"]
[PlyCount "93"]
[EventDate "2021.12.21"]
[EventType "swiss (blitz)"]
[EventRounds "11"]
[EventCountry "USA"]
[SourceTitle "CBM 205 Extra"]
[Source "ChessBase"]
[SourceDate "2022.01.31"]
[SourceVersion "1"]
[SourceVersionDate "2022.01.31"]
[SourceQuality "1"]

1. c4 Nf6 2. Nc3 c5 3. Nf3 g6 4. g3 Bg7 5. Bg2 O-O 6. O-O Nc6 7. d4 cxd4 8. Nxd4 Ng4 9. e3 d6 10. h3 Nge5 11. b3 Qa5 12. Bb2 Bd7 13. Nd5 Rfe8 14. Qe2 Nxd4 15. Bxd4 e6 16. Nc3 Bc6 17. Rad1 Bxg2 18. Kxg2 Qc7 19. Bxe5 Bxe5 20. Ne4 Qc6 21. Qf3 Rad8 22. Rd3 f5 23. Nd2 Bf6 24. Rd1 a6 25. Nb1 Qxf3+ 26. Kxf3 Be7 27. Nc3 Rc8 28. a4 Kf7 29. h4 Rc5 30. e4 Rec8 31. exf5 gxf5 32. Kg2 d5 33. Ne2 dxc4 34. bxc4 Rxc4 35. Nf4 R8c6 36. Re3 Rxa4 37. Rd7 Re4 38. Rxe4 fxe4 39. Rxb7 a5 40. Ra7 Rc5 41. Ra6 Re5 42. Ne2 Bb4 43. Ra7+ Kf6 44. g4 h6 45. Ng3 e3 46. f4 Rd5 47. Ne4+ 1-0

[Event "Titled Tuesday intern op 21st Dec"]
[Site "Chess.com INT"]
[Date "2021.12.21"]
[Round "4"]
[White "Necula, Iulian"]
[Black "Idrisov, Ildar F"]
[Result "0-1"]
[WhiteElo "1890"]
[BlackElo "2282"]
[PlyCount "88"]
[EventDate "2021.12.21"]
[EventType "swiss (blitz)"]
[EventRounds "11"]
[EventCountry "USA"]
[SourceTitle "CBM 205 Extra"]
[Source "ChessBase"]
[SourceDate "2022.01.31"]
[SourceVersion "1"]
[SourceVersionDate "2022.01.31"]
[SourceQuality "1"]

1. f4 d5 2. Nf3 c5 3. g3 Nc6 4. Bg2 Nf6 5. O-O g6 6. d3 Bg7 7. c3 O-O 8. Qe1 d4 9. Bd2 Be6 10. Na3 Qd7 11. Nc2 Rad8 12. c4 Bh3 13. a3 Bxg2 14. Kxg2 e5 15. Nxe5 Nxe5 16. fxe5 Ng4 17. Bf4 Qc6+ 18. Rf3 Bxe5 19. Bxe5 Nxe5 20. Qf2 Rde8 21. Re1 Nxf3 22. Qxf3 Qxf3+ 23. Kxf3 a5 24. b3 f5 25. h3 Re6 26. b4 axb4 27. axb4 b6 28. bxc5 bxc5 29. Na3 Ra8 30. Nb5 Ra2 31. Nc7 Re7 32. Nd5 Re5 33. Nf6+ Kg7 34. Nd5 Rd2 35. g4 Rxd3+ 36. exd3 Rxe1 37. gxf5 gxf5 38. Nc7 Re3+ 39. Kf4 Rxd3 40. Kxf5 Rxh3 41. Na6 d3 42. Nxc5 d2 43. Ne6+ Kg8 44. Nf4 Rf3 0-1

[Event "Titled Tuesday intern op 21st Dec"]
[Site "Chess.com INT"]
[Date "2021.12.21"]
[Round "4"]
[White "Novikova, Galina"]
[Black "Vypkhaniuk, Igor"]
[Result "1-0"]
[WhiteElo "2073"]
[BlackElo "2426"]
[PlyCount "73"]
[EventDate "2021.12.21"]
[EventType "swiss (blitz)"]
[EventRounds "11"]
[EventCountry "USA"]
[SourceTitle "CBM 205 Extra"]
[Source "ChessBase"]
[SourceDate "2022.01.31"]
[SourceVersion "1"]
[SourceVersionDate "2022.01.31"]
[SourceQuality "1"]

1. e4 c5 2. Nf3 Nc6 3. d4 cxd4 4. Nxd4 e5 5. Nf3 Bb4+ 6. c3 Bc5 7. Bc4 d6 8. b4 Bb6 9. Qb3 Qf6 10. O-O h6 11. Be3 Nge7 12. Bxb6 axb6 13. Nbd2 Ng6 14. Rfe1 Bg4 15. Bd5 Nf4 16. c4 g5 17. b5 Nd8 18. Qe3 O-O 19. Qxb6 Ra3 20. Re3 Rd3 21. Rxd3 Nxd3 22. Qe3 Nc5 23. a4 b6 24. a5 bxa5 25. Rxa5 Nde6 26. h3 Bxf3 27. Nxf3 Qd8 28. Ra8 Qc7 29. Rxf8+ Kxf8 30. h4 Qe7 31. hxg5 hxg5 32. b6 g4 33. Nd2 Nf4 34. Nb3 Qd8 35. Nxc5 Qxb6 36. Nd7+ Ke7 37. Nxb6 1-0

[Event "Titled Tuesday intern op 21st Dec"]
[Site "Chess.com INT"]
[Date "2021.12.21"]
[Round "4"]
[White "Ocelak, Jakub"]
[Black "Przybylski, Wojciech"]
[Result "1-0"]
[WhiteElo "2210"]
[BlackElo "2321"]
[PlyCount "99"]
[EventDate "2021.12.21"]
[EventType "swiss (blitz)"]
[EventRounds "11"]
[EventCountry "USA"]
[SourceTitle "CBM 205 Extra"]
[Source "ChessBase"]
[SourceDate "2022.01.31"]
[SourceVersion "1"]
[SourceVersionDate "2022.01.31"]
[SourceQuality "1"]

1. d4 Nf6 2. Bf4 Nd5 3. Bd2 Nf6 4. Nc3 d5 5. Bf4 c6 6. e3 Bf5 7. Bd3 e6 8. Bxf5 exf5 9. Qd3 g6 10. O-O-O Nbd7 11. Nf3 Bg7 12. Ne5 O-O 13. Nxd7 Qxd7 14. Be5 Ne4 15. Bxg7 Kxg7 16. Rdf1 Rfe8 17. Ne2 Qc7 18. h4 h5 19. Rh3 Qa5 20. a3 Nxf2 21. Rxf2 Qe1+ 22. Qd1 Qxf2 23. Rf3 Qxg2 24. Nf4 Qh2 25. Qe1 Re4 26. Rg3 Kf8 27. Rg2 Qxf4 28. Qb4+ Kg7 29. exf4 b6 30. Qd6 Re6 31. Qd7 b5 32. b3 a5 33. Qb7 Rae8 34. Qa6 Re1+ 35. Kb2 R8e6 36. Qxa5 R1e4 37. Rf2 Kg8 38. Qc3 Re3 39. Qc5 Rh3 40. a4 bxa4 41. bxa4 Rh1 42. a5 Ree1 43. a6 Rb1+ 44. Kc3 Rh3+ 45. Kd2 Ra1 46. a7 Rha3 47. Re2 Kg7 48. Re8 Rxa7 49. Qf8+ Kf6 50. Qh8# 1-0

[Event "Titled Tuesday intern op 21st Dec"]
[Site "Chess.com INT"]
[Date "2021.12.21"]
[Round "4"]
[White "Osmak, Iulija"]
[Black "Makhmudov, Shukhrat"]
[Result "1-0"]
[WhiteElo "2419"]
[BlackElo "2115"]
[PlyCount "81"]
[EventDate "2021.12.21"]
[EventType "swiss (blitz)"]
[EventRounds "11"]
[EventCountry "USA"]
[SourceTitle "CBM 205 Extra"]
[Source "ChessBase"]
[SourceDate "2022.01.31"]
[SourceVersion "1"]
[SourceVersionDate "2022.01.31"]
[SourceQuality "1"]

1. b4 e5 2. Bb2 Bxb4 3. Bxe5 Nf6 4. e3 O-O 5. Nf3 Nc6 6. Bb2 d5 7. Be2 Bf5 8. O-O Re8 9. d3 h6 10. Nbd2 Qd7 11. Bxf6 gxf6 12. c4 Bc3 13. Rc1 d4 14. e4 Bg6 15. Nh4 Kh8 16. Bg4 Qe7 17. Nf5 Qf8 18. f4 Bxf5 19. Bxf5 Bxd2 20. Qxd2 Ne7 21. Bd7 Red8 22. Bg4 Qg7 23. Bh5 c5 24. Rf3 Rg8 25. Rg3 Qh7 26. Rh3 f5 27. e5 Rg7 28. Bf3 Nc6 29. Rb1 Nd8 30. Qa5 Qg6 31. Rg3 Qh7 32. Rxg7 Qxg7 33. Qxc5 Ne6 34. Qd6 Nxf4 35. Qxd4 Ne6 36. Qe3 Rd8 37. Rxb7 f4 38. Qe4 Nc5 39. Qxf4 Nxb7 40. Bxb7 Rxd3 41. Bd5 1-0

[Event "Titled Tuesday intern op 21st Dec"]
[Site "Chess.com INT"]
[Date "2021.12.21"]
[Round "4"]
[White "Paltrinieri, Nicholas"]
[Black "Kiolbasa, Oliwia"]
[Result "1-0"]
[WhiteElo "2344"]
[BlackElo "2399"]
[PlyCount "51"]
[EventDate "2021.12.21"]
[EventType "swiss (blitz)"]
[EventRounds "11"]
[EventCountry "USA"]
[SourceTitle "CBM 205 Extra"]
[Source "ChessBase"]
[SourceDate "2022.01.31"]
[SourceVersion "1"]
[SourceVersionDate "2022.01.31"]
[SourceQuality "1"]

1. f4 Nh6 2. Nf3 g6 3. g3 Bg7 4. Bg2 d5 5. O-O c5 6. d3 d4 7. c3 Nc6 8. Bd2 Qc7 9. e4 dxe3 10. Bxe3 b6 11. Na3 a6 12. Qe2 Bf5 13. Nc4 O-O 14. Nfe5 Nxe5 15. Nxe5 Rad8 16. Rad1 f6 17. Nf3 Nf7 18. d4 c4 19. h3 Bd3 20. Rxd3 cxd3 21. Qxd3 e5 22. Qxa6 Ra8 23. Qb5 Rxa2 24. dxe5 fxe5 25. Nxe5 Ra5 26. Qb3 1-0

[Event "Titled Tuesday intern op 21st Dec"]
[Site "Chess.com INT"]
[Date "2021.12.21"]
[Round "4"]
[White "Papasimakopoulos, Alexandros"]
[Black "Guliev, Logman"]
[Result "1-0"]
[WhiteElo "2259"]
[BlackElo "2260"]
[PlyCount "79"]
[EventDate "2021.12.21"]
[EventType "swiss (blitz)"]
[EventRounds "11"]
[EventCountry "USA"]
[SourceTitle "CBM 205 Extra"]
[Source "ChessBase"]
[SourceDate "2022.01.31"]
[SourceVersion "1"]
[SourceVersionDate "2022.01.31"]
[SourceQuality "1"]

1. d4 Nf6 2. c4 e6 3. Nc3 Bb4 4. Qc2 O-O 5. Bg5 b6 6. f3 d5 7. e3 Nbd7 8. cxd5 exd5 9. a3 Bxc3+ 10. Qxc3 h6 11. Bh4 c5 12. Bd3 cxd4 13. exd4 Re8+ 14. Ne2 Ne4 15. Bxd8 Nxc3 16. bxc3 Rxd8 17. Kd2 Nf6 18. a4 Be6 19. a5 Nd7 20. axb6 axb6 21. Bb5 Kf8 22. Nf4 Ke7 23. Rhb1 Rdb8 24. h4 Kd6 25. Bxd7 Rxa1 26. Rxa1 Bxd7 27. Ra7 Be8 28. Nd3 Bd7 29. Ne5 Be8 30. Nxf7+ Ke6 31. Ne5 g5 32. Rh7 Ra8 33. Rxh6+ Kf5 34. g4+ Kf4 35. Rf6+ Kg3 36. hxg5 Ra2+ 37. Kc1 Ba4 38. g6 Rc2+ 39. Kb1 Rxc3 40. g7 1-0

[Event "Titled Tuesday intern op 21st Dec"]
[Site "Chess.com INT"]
[Date "2021.12.21"]
[Round "4"]
[White "Pavlidou, Ekaterini"]
[Black "San, Thit Lwin"]
[Result "1-0"]
[WhiteElo "2203"]
[BlackElo "2242"]
[PlyCount "47"]
[EventDate "2021.12.21"]
[EventType "swiss (blitz)"]
[EventRounds "11"]
[EventCountry "USA"]
[SourceTitle "CBM 205 Extra"]
[Source "ChessBase"]
[SourceDate "2022.01.31"]
[SourceVersion "1"]
[SourceVersionDate "2022.01.31"]
[SourceQuality "1"]

1. d4 Nf6 2. c4 e6 3. Nc3 d5 4. cxd5 exd5 5. Bg5 Be7 6. e3 O-O 7. Bd3 h6 8. Bh4 c6 9. Qc2 a5 10. Nge2 Na6 11. f3 Nb4 12. Qb1 Qb6 13. O-O Nxd3 14. Qxd3 Qxb2 15. Rfd1 Qa3 16. Bxf6 gxf6 17. Ng3 Re8 18. e4 dxe4 19. fxe4 Bd6 20. Nh5 Re6 21. d5 Be5 22. dxe6 Bxc3 23. Qg3+ Kf8 24. Qg7+ 1-0

[Event "Titled Tuesday intern op 21st Dec"]
[Site "Chess.com INT"]
[Date "2021.12.21"]
[Round "4"]
[White "Pein, Jonathan"]
[Black "Lauridsen, Jesper Morck"]
[Result "0-1"]
[WhiteElo "2229"]
[BlackElo "2215"]
[PlyCount "68"]
[EventDate "2021.12.21"]
[EventType "swiss (blitz)"]
[EventRounds "11"]
[EventCountry "USA"]
[SourceTitle "CBM 205 Extra"]
[Source "ChessBase"]
[SourceDate "2022.01.31"]
[SourceVersion "1"]
[SourceVersionDate "2022.01.31"]
[SourceQuality "1"]

1. b3 a5 2. Bb2 a4 3. bxa4 Nf6 4. c4 c5 5. Nc3 Nc6 6. g3 d5 7. cxd5 Nxd5 8. Bg2 Nxc3 9. Bxc3 h5 10. Nf3 h4 11. Nxh4 Rxh4 12. gxh4 e5 13. Bxc6+ bxc6 14. Bxe5 Qd5 15. Rg1 Qxe5 16. Rc1 Qxh2 17. Rf1 Bh3 18. Qc2 Qg2 19. d3 Qxf1+ 20. Kd2 Qxf2 21. Qc4 Bd6 22. Qe4+ Kd7 23. Kc2 Qf4 24. Qh1 Qxa4+ 25. Kd2 Qxa2+ 26. Rc2 Qe6 27. Rb2 Bf4+ 28. Kc2 Qxe2+ 29. Kc3 Be5+ 30. Kc4 Be6+ 31. Kxc5 Ra5+ 32. Kb6 Qxb2+ 33. Kxa5 Bc7+ 34. Ka6 Qb6# 0-1

[Event "Titled Tuesday intern op 21st Dec"]
[Site "Chess.com INT"]
[Date "2021.12.21"]
[Round "4"]
[White "Perera Alfonso, Rene Humberto"]
[Black "Zherebtsova, Alexandra"]
[Result "1-0"]
[WhiteElo "2354"]
[BlackElo "2182"]
[PlyCount "59"]
[EventDate "2021.12.21"]
[EventType "swiss (blitz)"]
[EventRounds "11"]
[EventCountry "USA"]
[SourceTitle "CBM 205 Extra"]
[Source "ChessBase"]
[SourceDate "2022.01.31"]
[SourceVersion "1"]
[SourceVersionDate "2022.01.31"]
[SourceQuality "1"]

1. e4 e5 2. Nf3 Nc6 3. Bb5 a6 4. Ba4 Nf6 5. O-O Be7 6. Re1 b5 7. Bb3 d6 8. a4 Bd7 9. c3 O-O 10. d4 Bg4 11. Bd5 Nxd5 12. exd5 Na5 13. dxe5 dxe5 14. Rxe5 Nc4 15. Re4 Bh5 16. axb5 Bd6 17. Rxc4 axb5 18. Rxa8 Qxa8 19. Rd4 Re8 20. Be3 Qa2 21. Qc1 Bxf3 22. gxf3 Qa8 23. Nd2 Qd8 24. Nf1 Qf6 25. Qd1 Qg6+ 26. Rg4 Qh5 27. Ng3 Qe5 28. Bd4 Qe1+ 29. Qxe1 Rxe1+ 30. Kg2 1-0

[Event "Titled Tuesday intern op 21st Dec"]
[Site "Chess.com INT"]
[Date "2021.12.21"]
[Round "4"]
[White "Perez, Flavio"]
[Black "Maranhao, Jose Renato Ruiz"]
[Result "1-0"]
[WhiteElo "2272"]
[BlackElo "1923"]
[PlyCount "153"]
[EventDate "2021.12.21"]
[EventType "swiss (blitz)"]
[EventRounds "11"]
[EventCountry "USA"]
[SourceTitle "CBM 205 Extra"]
[Source "ChessBase"]
[SourceDate "2022.01.31"]
[SourceVersion "1"]
[SourceVersionDate "2022.01.31"]
[SourceQuality "1"]

1. Nf3 Nf6 2. g3 d5 3. Bg2 c5 4. O-O Nc6 5. d3 g6 6. Nbd2 Bg7 7. e4 O-O 8. Re1 dxe4 9. dxe4 e5 10. c3 b5 11. a4 b4 12. Qc2 Ba6 13. b3 Rc8 14. Nc4 Nd7 15. Nd6 Rc7 16. Nb5 Bxb5 17. axb5 Ne7 18. c4 f5 19. Ng5 Rf6 20. Rd1 h6 21. Nf3 fxe4 22. Qxe4 Re6 23. Bh3 Nf5 24. Bxf5 gxf5 25. Qxf5 Qf6 26. Qe4 Rd6 27. Be3 Qe6 28. Kg2 Nf6 29. Qa8+ Kh7 30. Nh4 Rxd1 31. Rxd1 e4 32. h3 Rf7 33. Bxc5 Nd7 34. Be3 Bc3 35. Qd5 Qf6 36. Qxe4+ Kg8 37. Qg6+ Qxg6 38. Nxg6 Ne5 39. Nxe5 Bxe5 40. Rd5 Bc3 41. Rd6 Kh7 42. Ra6 Rd7 43. Rxa7 Rxa7 44. Bxa7 Kg6 45. c5 Kf5 46. c6 Be5 47. b6 Ke6 48. b7 Kd5 49. b8=Q Bxb8 50. Bxb8 Kxc6 51. Bf4 h5 52. Bd2 Kc5 53. g4 hxg4 54. hxg4 Kd4 55. g5 Ke5 56. f4+ Kf5 57. Kg3 Ke4 58. Bxb4 Kf5 59. Bc3 Kg6 60. b4 Kf5 61. b5 Kg6 62. b6 Kf5 63. b7 Kg6 64. b8=Q Kh5 65. Qh8+ Kg6 66. Qh6+ Kf5 67. Qf6+ Ke4 68. Qe5+ Kd3 69. Qd4+ Kc2 70. Ba5 Kb3 71. g6 Ka2 72. g7 Ka3 73. Bb4+ Ka4 74. Be1+ Ka3 75. Qb4+ Ka2 76. g8=Q+ Ka1 77. Qa8# 1-0

[Event "Titled Tuesday intern op 21st Dec"]
[Site "Chess.com INT"]
[Date "2021.12.21"]
[Round "4"]
[White "Petrova, Irina"]
[Black "Stankovic, Ivan G"]
[Result "1-0"]
[WhiteElo "2141"]
[BlackElo "2255"]
[PlyCount "47"]
[EventDate "2021.12.21"]
[EventType "swiss (blitz)"]
[EventRounds "11"]
[EventCountry "USA"]
[SourceTitle "CBM 205 Extra"]
[Source "ChessBase"]
[SourceDate "2022.01.31"]
[SourceVersion "1"]
[SourceVersionDate "2022.01.31"]
[SourceQuality "1"]

1. e4 c5 2. Nf3 Nc6 3. Bb5 g6 4. Bxc6 dxc6 5. d3 Bg7 6. Nc3 Nf6 7. Be3 Nd7 8. h3 b6 9. O-O Nf8 10. Qd2 h6 11. Nh2 e5 12. f4 exf4 13. Bxf4 Ne6 14. Be3 Nd4 15. Nd1 Ba6 16. c3 Ne6 17. Nf2 Qh4 18. Nf3 Qg3 19. e5 Ng5 20. Nxg5 hxg5 21. Ne4 Qxe5 22. Bxg5 Kd7 23. Rxf7+ Ke6 24. Re7+ 1-0

[Event "Titled Tuesday intern op 21st Dec"]
[Site "Chess.com INT"]
[Date "2021.12.21"]
[Round "4"]
[White "Pires, Marcos Vinicius Tor"]
[Black "Bonte, Andrei Mihai"]
[Result "1-0"]
[WhiteElo "2302"]
[BlackElo "2340"]
[PlyCount "83"]
[EventDate "2021.12.21"]
[EventType "swiss (blitz)"]
[EventRounds "11"]
[EventCountry "USA"]
[SourceTitle "CBM 205 Extra"]
[Source "ChessBase"]
[SourceDate "2022.01.31"]
[SourceVersion "1"]
[SourceVersionDate "2022.01.31"]
[SourceQuality "1"]

1. d4 e6 2. Bf4 f5 3. e3 Nf6 4. Nf3 b6 5. Be2 Bb7 6. O-O Bd6 7. Bg3 O-O 8. c4 Ne4 9. Bxd6 cxd6 10. Nfd2 d5 11. cxd5 Bxd5 12. Nc3 Nxd2 13. Qxd2 Bb7 14. d5 e5 15. Rac1 a6 16. Rfd1 d6 17. a4 Nd7 18. b4 Nf6 19. f3 Qd7 20. Bf1 Rfc8 21. Qa2 Rc7 22. Rc2 Rac8 23. Rdc1 g6 24. Qb3 Kg7 25. Be2 Qf7 26. e4 fxe4 27. fxe4 h5 28. Bf3 Kh6 29. Ne2 g5 30. g3 g4 31. Bg2 Nh7 32. Qe3+ Kg6 33. Rc3 Rxc3 34. Rxc3 Rxc3 35. Nxc3 Qc7 36. h4 gxh3 37. Bxh3 Ng5 38. Bf5+ Kf6 39. Ne2 Bc8 40. Qf2 Kg7 41. Kg2 Qe7 42. Bxc8 1-0

[Event "Titled Tuesday intern op 21st Dec"]
[Site "Chess.com INT"]
[Date "2021.12.21"]
[Round "4"]
[White "Polaczek, Richard"]
[Black "Suarez Uriel, Adrian"]
[Result "1-0"]
[WhiteElo "2360"]
[BlackElo "2343"]
[PlyCount "55"]
[EventDate "2021.12.21"]
[EventType "swiss (blitz)"]
[EventRounds "11"]
[EventCountry "USA"]
[SourceTitle "CBM 205 Extra"]
[Source "ChessBase"]
[SourceDate "2022.01.31"]
[SourceVersion "1"]
[SourceVersionDate "2022.01.31"]
[SourceQuality "1"]

1. d4 Nf6 2. Bg5 Ne4 3. Bf4 d6 4. Nd2 Nxd2 5. Qxd2 Nd7 6. Nf3 c5 7. e3 e6 8. O-O-O Be7 9. dxc5 dxc5 10. Bb5 a6 11. Bxd7+ Qxd7 12. Qc3 Qa4 13. Qxg7 Rf8 14. Kb1 Bd7 15. Bd6 Bxd6 16. Rxd6 O-O-O 17. Rhd1 Bc6 18. Rxd8+ Rxd8 19. Rxd8+ Kxd8 20. Qxf7 Qc4 21. b3 Qf1+ 22. Kb2 Qxf2 23. Qxe6 Qxg2 24. Ne5 Qg7 25. Ka3 Kc7 26. Nc4 Qg5 27. Qd6+ Kc8 28. Nb6# 1-0